000 00396nam a2200133Ia 4500
008 231129s9999||||xx |||||||||||||| ||spa||
020 _a970-17-0158-5
040 _bspa
082 _aR 371.91 P615g
100 _aPierangelo Roger
245 0 _aGuia de educación especial para niños discapacitados
264 _aMexico ; Prentice Hall.
942 _2ddc
_cBKS
999 _c14732
_d14732